| 000 | 01307cam a22003493a 4500 | ||
|---|---|---|---|
| 001 | 13685514 | ||
| 003 | OSt | ||
| 005 | 20140310181739.0 | ||
| 008 | 040812s2004 nyua b 001 0 eng d | ||
| 010 | _a 2004301857 | ||
| 020 | _a0439303095 (pbk.) : $19.99 | ||
| 035 | _a(OCoLC)ocm55477247 | ||
| 040 |
_aHHD _cHHD _dDLC |
||
| 050 | 0 | 0 |
_aLB 1573.7 _b.W678 2004 |
| 082 | 0 | 4 |
_aTRE 372.4 _bW65 2004 |
| 100 | 1 |
_aWilhelm, Jeffrey D., _d1959- _92221 |
|
| 245 | 1 | 0 |
_aReading is seeing : _blearning to visualize scenes, characters, ideas, and text worlds to improve comprehension and reflective reading / _cby Jeff Wilhelm. |
| 260 |
_aNew York : _bScholastic, _cc2004. |
||
| 300 |
_a192 p. : _bill. ; _c24 cm. |
||
| 490 | 1 | _aTheory and practice | |
| 521 | _aFaculty | ||
| 541 | _j1 | ||
| 541 | _j2 | ||
| 562 | _e2 | ||
| 650 | 0 |
_aReading comprehension. _9234 |
|
| 650 | 0 |
_aReading (Middle school) _92156 |
|
| 830 | 0 |
_aTheory and practice (New York, N.Y.) _91970 |
|
| 856 | 4 | 2 |
_3Publisher description _uhttp://www.loc.gov/catdir/description/schol051/2004301857.html |
| 906 |
_a7 _bcbc _ccopycat _d2 _encip _f20 _gy-gencatlg |
||
| 942 |
_2lcc _cBK-TR _kTR |
||
| 999 |
_c2705 _d2705 |
||